Využití nových nástrojů a pokročilá tvorba statistických map pro potřeby analýz trhu práce /

Korporativní autor: Vysoká škola báňská - Technická univerzita Ostrava. Institut geoinformatiky
Další autoři: Horák, Jiří, 1962-
Jazyk: Čeština
Vydáno: Ostrava : VŠB - Technická univerzita Ostrava, 2010
Vydání: 1. vyd.
Témata:
Externí odkaz: Digitalizovaný dokument
Fyzický popis: 152 s. : il. (některé barev.), mapy ; 30 cm
Knihy
Uloženo v:
LEADER 02366nam a2200589 a 4500
001 nkc20102130177
003 CZ PrNK
005 20171129235016.0
007 ta
008 101007s2010 xr ab e p 000 0 cze
015 |a cnb002130177 
020 |a 978-80-248-2299-0  |q (kroužková vazba) 
035 |a (OCoLC)741401687 
040 |a OLA001  |b cze  |d BOA001  |d ABA001 
043 |a e-xr--- 
072 7 |a 311  |x Statistika  |2 Konspekt  |9 4 
072 7 |a 37.016  |x Učební osnovy. Vyučovací předměty. Učebnice  |2 Konspekt  |9 22 
080 |a 528.94:311  |2 MRF 
080 |a 004.6-023.5  |2 MRF 
080 |a 331.5  |2 MRF 
080 |a 004.42ArcGIS  |2 MRF 
080 |a (437.3)  |2 MRF 
080 |a (07)  |2 MRF 
080 |a (035)  |2 MRF 
245 0 0 |a Využití nových nástrojů a pokročilá tvorba statistických map pro potřeby analýz trhu práce /  |c Jiří Horák ... [et al.] 
250 |a 1. vyd. 
260 |a Ostrava :  |b VŠB - Technická univerzita Ostrava,  |c 2010 
300 |a 152 s. :  |b il. (některé barev.), mapy ;  |c 30 cm 
500 |a Nad názvem: Vysoká škola báňská - Technická univerzita Ostrava, Hornicko-geologická fakulta, Institut geoinformatiky 
500 |a 80 výt. 
504 |a Obsahuje bibliografii 
650 0 7 |a statistické mapy  |7 ph487792  |2 czenas 
650 0 7 |a prostorová data  |7 ph358650  |2 czenas 
650 0 7 |a trh práce  |7 ph116483  |z Česko  |2 czenas 
650 0 7 |a ArcGIS (informační systém)  |7 ph486102  |2 czenas 
650 0 9 |a statistical maps  |2 eczenas 
650 0 9 |a spatial data  |2 eczenas 
650 0 9 |a labor market  |z Czechia  |2 eczenas 
650 0 9 |a ArcGIS  |2 eczenas 
655 7 |a učební texty  |7 fd133599  |2 czenas 
655 7 |a příručky  |7 fd133209  |2 czenas 
655 9 |a educational texts  |2 eczenas 
655 9 |a handbooks and manuals  |2 eczenas 
700 1 |a Horák, Jiří,  |d 1962-  |7 mzk2004246497  |4 aut 
710 2 |a Vysoká škola báňská - Technická univerzita Ostrava.  |b Institut geoinformatiky  |7 mzk2005280434 
856 4 1 |u http://www.digitalniknihovna.cz/mzk/uuid/uuid:6838a630-aff9-11e7-a000-005056827e51  |y Digitalizovaný dokument  |x NDK 
910 2 |a BOA001  |b 4-1267.076 
928 9 |a Vysoká škola báňská - Technická univerzita Ostrava 
990 |a BK 
995 |a 01 
991 |b 201106  |c NOV  |e n 
996 6 |b 2610479202  |c 4-1267.076  |l MZK  |r Sklad / do 1 hodiny  |n 0  |p p.v.  |w 001181830  |u 000010  |a 1  |e BOA001  |j MZK50  |s P